ARRUPE JESUIT UNIVERSITY

CORONAVIRUS -STOP THE SPREAD - CLEAN,DISINFECT,COVER

Nyerere: (Record no. 122660)

MARC details
000 -LEADER
fixed length control field 00441nam a22001457a 4500
008 - FIXED-LENGTH DATA ELEMENTS--GENERAL INFORMATION
fixed length control field 150416b xxu||||| |||| 00| 0 eng d
020 ## - INTERNATIONAL STANDARD BOOK NUMBER
International Standard Book Number 9781847010902
050 ## - LIBRARY OF CONGRESS CALL NUMBER
Classification number DT448.25.N9M65
100 ## - MAIN ENTRY--PERSONAL NAME
Personal name Molony, Thomas.
9 (RLIN) 17170
245 ## - TITLE STATEMENT
Title Nyerere:
Remainder of title the early years
Statement of responsibility, etc /by Thomas Molony
260 ## - PUBLICATION, DISTRIBUTION, ETC. (IMPRINT)
Place of publication, distribution, etc Woodbridge, England
Name of publisher, distributor, etc James Currey
Date of publication, distribution, etc 2014
300 ## - PHYSICAL DESCRIPTION
Extent xvii,284p. ;
Dimensions 25cm.
650 ## - SUBJECT ADDED ENTRY--TOPICAL TERM
Topical term or geographic name as entry element Nyerere, Julius K.
9 (RLIN) 17171
942 ## - ADDED ENTRY ELEMENTS (KOHA)
Source of classification or shelving scheme Library of Congress Classification
Item type Monograph ( Printed materials)
Holdings
Withdrawn status Lost status Source of classification or shelving scheme Damaged status Not for loan Collection code Home library Current library Shelving location Date acquired Total Checkouts Full call number Barcode Date last seen Date last borrowed Price effective from Koha item type
    Library of Congress Classification     Main Collection ARRUPE LIBRARY ARRUPE LIBRARY Main Collection 16/04/2015 6 DT448.25.N9M65 46500002467 21/04/2026 19/01/2026 16/04/2015 Monograph ( Printed materials)

 

Arrupe Library. PO Box MP320 Mt Pleasant, Harare, Zimbabwe
263 242 745411|librarian@aju.ac.zw